<?xml version="1.0" encoding="UTF-8"?>
<record
    xmlns:xsi="http://www.w3.org/2001/XMLSchema-instance"
    xsi:schemaLocation="http://www.loc.gov/MARC21/slim http://www.loc.gov/standards/marcxml/schema/MARC21slim.xsd"
    xmlns="http://www.loc.gov/MARC21/slim">

  <leader>00982nam a2200253 i 4500</leader>
  <controlfield tag="001">bg</controlfield>
  <datafield tag="245" ind1="0" ind2="0">
    <subfield code="a">Stan czysto&#x15B;ci w&#xF3;d powierzchniowych obszaru Zielonych P&#x142;uc Polski /</subfield>
    <subfield code="c">Pa&#x144;stwowa Inspekcja Ochrony &#x15A;rodowiska, Wojew&#xF3;dzki Inspektorat Ochrony &#x15A;rodowiska w Bia&#x142;ymstoku [etc. ; aut. Marek K&#x119;dzierzawski et al.].</subfield>
  </datafield>
  <datafield tag="260" ind1=" " ind2=" ">
    <subfield code="a">Bia&#x142;ystok :</subfield>
    <subfield code="b">PIO&#x15A;,</subfield>
    <subfield code="c">cop. 1998.</subfield>
  </datafield>
  <datafield tag="300" ind1=" " ind2=" ">
    <subfield code="a">425 s. :</subfield>
    <subfield code="b">pl., wykr. ;</subfield>
    <subfield code="c">24 cm +</subfield>
    <subfield code="e">mapa.</subfield>
  </datafield>
  <datafield tag="490" ind1="1" ind2=" ">
    <subfield code="a">Biblioteka Monitoringu &#x15A;rodowiska</subfield>
  </datafield>
  <datafield tag="504" ind1=" " ind2=" ">
    <subfield code="a">Bibliogr. s. 395-397.</subfield>
  </datafield>
  <datafield tag="650" ind1=" " ind2="9">
    <subfield code="a">Wody &#x15B;r&#xF3;dl&#x105;dowe</subfield>
    <subfield code="x">higiena</subfield>
    <subfield code="x">badanie</subfield>
    <subfield code="z">Polska</subfield>
    <subfield code="y">od 1989 r.</subfield>
  </datafield>
  <datafield tag="650" ind1=" " ind2="9">
    <subfield code="a">Zielone P&#x142;uca Polski (region)</subfield>
  </datafield>
  <datafield tag="700" ind1="1" ind2=" ">
    <subfield code="a">K&#x118;DZIERZAWSKI, Marek</subfield>
  </datafield>
  <datafield tag="710" ind1=" " ind2="0">
    <subfield code="a">Pa&#x144;stwowa Inspekcja Ochrony &#x15A;rodowiska</subfield>
  </datafield>
  <datafield tag="830" ind1=" " ind2=" ">
    <subfield code="a">Biblioteka Monitoringu &#x15A;rodowiska</subfield>
  </datafield>
  <datafield tag="020" ind1=" " ind2=" ">
    <subfield code="a">837217024X</subfield>
  </datafield>
  <datafield tag="040" ind1=" " ind2=" ">
    <subfield code="c">BPK</subfield>
  </datafield>
  <datafield tag="041" ind1="0" ind2=" ">
    <subfield code="a">pl</subfield>
  </datafield>
  <datafield tag="080" ind1=" " ind2=" ">
    <subfield code="a">504.4.064.3:556.5](438-04)"1989/..."</subfield>
  </datafield>
  <datafield tag="920" ind1=" " ind2=" ">
    <subfield code="a">83-7217-024-X</subfield>
  </datafield>
  <datafield tag="942" ind1=" " ind2=" ">
    <subfield code="c">KS</subfield>
  </datafield>
  <controlfield tag="008">      s        pl     f     |000 0 pol  </controlfield>
  <datafield tag="999" ind1=" " ind2=" ">
    <subfield code="c">34749</subfield>
    <subfield code="d">34749</subfield>
  </datafield>
  <datafield tag="856" ind1=" " ind2=" ">
    <subfield code="u">http://koha.tu.koszalin.pl/cgi-bin/koha/opac-detail.pl?biblionumber=34749</subfield>
    <subfield code="y">Katalog online BPK</subfield>
  </datafield>
  <datafield tag="952" ind1=" " ind2=" ">
    <subfield code="0">0</subfield>
    <subfield code="1">0</subfield>
    <subfield code="4">0</subfield>
    <subfield code="7">1</subfield>
    <subfield code="a">BPK</subfield>
    <subfield code="b">BPK</subfield>
    <subfield code="c">c</subfield>
    <subfield code="o">48490</subfield>
    <subfield code="p">01418361</subfield>
    <subfield code="t">502.51 &#x15A;h</subfield>
    <subfield code="y">KS</subfield>
  </datafield>
</record>
